Fotografía proindigenista: el discurso de Gustavo Milet sobre los mapuches

Պահպանված է:
Մատենագիտական մանրամասներ
Հիմնական հեղինակ: Azócar Avendaño, Alonso (Հեղինակ)
Ձևաչափ: Գիրք
Լեզու:իսպաներեն
Հրապարակվել է: Temuco Ediciones Universidad de La Frontera 2005
Հրատարակություն:1a. ed
Խորագրեր:
Ցուցիչներ: Ավելացրեք ցուցիչ
Չկան պիտակներ, Եղեք առաջինը, ով նշում է այս գրառումը!

MARC

LEADER 00000cam a2200000 a 4500
001 UCD9522
003 CL-VaPUC
008 170626e20050000cl |||||||||||||||||spa|d
020 |a 9562361667 
082 0 4 |a 770.983  |b AZO  |2 21 
100 0 |a Azócar Avendaño, Alonso  |e author  |9 593185 
245 1 0 |a Fotografía proindigenista: el discurso de Gustavo Milet sobre los mapuches 
250 |a 1a. ed 
300 |a 121 p 
942 |c BK 
945 |d 20170626 01:10:00  |a dcastane 
260 |a Temuco  |b Ediciones Universidad de La Frontera  |c 2005 
650 0 |a Fotografías  |9 268494 
650 0 |a Mapuches   |9 392456 
583 |a last modification  |c 20170626 01:10:00  |k Rodrigo Vera 
999 |c 368651  |d 368649 
952 |0 0  |1 0  |3 erb  |4 0  |6 770_983000000000000_AZO_2005  |7 0  |8 A  |9 484041  |a BIBAGR  |b BIBAGR  |i 5401488  |o 770.983 AZO 2005  |p 5401488  |r 2025-01-20  |w 2019-11-24  |y BK  |z Catalogado en:20170626  |k AGR